Odpowiedzi na każdą literę alfabetu. - Statystyki

Ogólne statystyki
  • Ten quiz został rozwiązany 20 razy
  • Średni wynik to 8 z 26
Statystyki odpowiedzi
Hint Odpowiedź % Poprawnych
4.D Osoba zmarła, najczęściej w wyniku przyczyn nienaturalnych (wypadek, morderstwo, samobójstwo), której ciało jest przedmiotem badania. Denat
78%
10.J To najpowszechniejsze imię Boga w Biblii Hebrajskiej, oznaczające "Jestem, który jestem" lub "On sprawia, że jest". Jahwe
78%
2.B Miasto, w którym panuje rodzina Peaky Blinders. Birmingham
56%
9.I Nauka o języku i kulturze hiszpańskiej i portugalskiej. Iberystyka
56%
11.K Historyczne określenie kobiety lekkich obyczajów, która utrzymywała intymne relacje z zamożnymi i wpływowymi mężczyznami. Kurtyzana
56%
25.Y Rodzaj zamka lub amerykański uniwersytet. Yale
50%
3.C Dawna nazwa Sri Lanki. Cejlon
44%
5.E Wykastrowany mężczyzna (pozbawiony jąder, a czasem prącia), historycznie pełniący funkcje strażnika haremu, dworzanina lub urzędnika. Eunuch
39%
8.H Dwuręczna broń drzewcowa, która zdobyła popularność między wiekiem XIV a wiekiem XV. Składa się z drzewca z głownią łączącą w sobie elementy trzech broni: topora z jednej strony, haka z drugiej i włóczni pośrodku (w postaci długiego grotu). Halabarda
39%
16.P Włoski kompozytor muzyki operowej, wolnomularz. Jeden z najwybitniejszych kompozytorów operowych wszech czasów. Do jego największych i najczęściej wystawianych dzieł należą Cyganeria (La Bohème, 1896), Tosca (1900), Madame Butterfly (1904) oraz niedokończona Turandot (1926) Puccini
39%
24.X Lek na receptę zawierający alprazolam, stosowany w krótkotrwałym leczeniu (zazwyczaj do 8-12 tygodni) ciężkich stanów lękowych, napadów paniki oraz lęku z depresją u dorosłych. Należy do grupy benzodiazepin, działa szybko uspokajająco i przeciwlękowo, ale wykazuje wysoki potencjał uzależniający. Xanax
39%
19.S Klasyczna, kunsztowna forma poetycka składająca się z 14 wersów, ukształtowana we Włoszech w XIII wieku. Jej rygorystyczna budowa obejmuje zazwyczaj dwie strofy czterowersowe (opisowe) oraz dwie trzywersowe (refleksyjne). Sonet
28%
22.V Według Plutarcha i Swetoniusza tymi słowami Gajusz Juliusz Cezar przekazał (47 p.n.e.) senatowi wiadomość o swym zwycięstwie nad Farnakesem II, królem Pontu, w bitwie pod Zelą. Podkreślały one nie tyle sam wynik wojny, co jej błyskawiczne zakończenie. Veni Vidi Vici
28%
23.W Tradycyjne, kopułowe lub stożkowe schronienie używane przez rdzennych Amerykanów, szczególnie w północno-wschodniej Ameryce Północnej. Zbudowane z drewnianej ramy pokrytej korą lub skórami, służyły jako domostwa całoroczne. Wigwam
28%
18.R Rzemiosło, w którego zakres wchodzi produkcja i naprawa broni strzeleckiej. W Polsce jest zawodem pozaszkolnym, wykonywać może go więc osoba po ukończeniu praktyk czeladniczych i uzyskaniu uprawnień czeladnika lub mistrza. Rusznikarstwo
22%
1. A Rytualne obmycie ciała, jego części lub przedmiotów kultowych, stosowane w wielu religiach (np. woda, wino, piasek) w celu oczyszczenia. Ablucja
17%
6.F Instrument muzyczny składający się z szeregu złączonych razem piszczałek różnej długości. Zaliczany do grupy aerofonów wargowych oraz instrumentów dętych drewnianych. Fletnia Pana
17%
12.L Nazwa popularnych deserów. Zaliczają się do nich słodkie potrawy, zazwyczaj mączne lub jajeczne, podawane po zasadniczym posiłku. Legumina
11%
14.N W mitologii greckiej bogini zemsty, sprawiedliwości i przeznaczenia, uosabiająca karzącą sprawiedliwość za zbrodnie lub nadmierne szczęście. Nemezis
11%
21.U Osoba, zazwyczaj mężczyzna, która lekkomyślnie i rozrzutnie wydaje pieniądze, często prowadząc hulaszczy tryb życia. Utracjusz
11%
20.T W mitologii greckiej bóg morski. Jednocześnie największy księżyc Neptuna. Tryton
6%
26.Z Monumentalna świątynia w starożytnej Mezopotamii, w formie wielostopniowej wieży zbudowanej na tarasach. Ziggurat
6%
7.G Jeden z najstarszych i najprostszych przyrządów astronomicznych. Najczęściej jest to odpowiednio osadzony pręt (kolumna, pionowy słup lub kijek wbity w ziemię), którego cień wskazuje położenie Słońca. Gnomon
0%
13.M Osobliwa historia o złodziejach czasu i dziecku, które zwróciło ludziom skradziony im czas. Zaliczana do klasyki literatury dziecięcej książka traktuje o pojęciu czasu i jego pojmowaniu przez dzisiejsze społeczeństwo. Jest też krytyką konsumpcjonizmu. Momo
0%
15.O Rzeka w południowo-zachodniej Afryce – Angoli, Namibii i Botswanie o długości 1600 km. Jest wyjątkową rzeką, nie uchodzi bowiem do morza, ale kończy swój bieg w kotlinie Kalahari. Okawango
0%
17.Q Postać fikcyjna, jeden z bohaterów filmowej sagi Gwiezdne wojny. Mistrz Jedi, uczeń Hrabiego Dooku, nauczyciel i mentor Obi-Wana Kenobiego oraz według pewnych książek Xanatosa. Szczególną wagę przykładał do kwestii słuchania „żywej Mocy”. Jego miecz świetlny miał zieloną klingę. Qui-Gon Jinn
0%
Nie znaleziono quizów pasujących do podanych kryteriów
Rozkład punktacji
Procent ludzi z każdym wynikiem
Percentyl według liczby udzielonych odpowiedzi
Twoja historia wyników
Nie rozwiązałeś tego quizu